MPK Włocławek Linia 14 - Statystyki

Ogólne statystyki
  • Ten quiz został rozwiązany 25 razy
  • Średni wynik to 14 z 27
Statystyki odpowiedzi
Uwagi Przystanek % Poprawnych
. Świętego Antoniego/Św Antoniego
80%
. Wiejska (pętla)
70%
. Nowcy
65%
. Polskiej Organizacji Wojskowej/POW
65%
. Wronia-Wiadukt
65%
. Chmielna
60%
. Kruszyńska
60%
. Ostrowska (pętla)
60%
. Broniewskiego
55%
. Skłodowskiej-Curie
55%
. Stodólna
55%
. Wyspiańskiego
55%
Wariantowo Zespół Szkół Chemicznych/ZSCH
55%
. Żurawia
55%
. Drumet
50%
Wariantowo Przemysłowa (Pętla)
50%
. Żytnia
45%
Wariantowo Centrum Kultury Browar B
40%
. Cicha
40%
. Polna
40%
Wariantowo Rybnicka (pętla
40%
. Barska
35%
Wariantowo Łanowa
35%
Wariantowo DGS
30%
Wariantowo Kotlarska
30%
Wariantowo Pchli Targ
30%
Wariantowo, N/Ż Radyszyńska
30%
Nie znaleziono quizów pasujących do podanych kryteriów
Rozkład punktacji
Procent ludzi z każdym wynikiem
Percentyl według liczby udzielonych odpowiedzi
Twoja historia wyników
Nie rozwiązałeś tego quizu